Misfits Powers Match-Up Quiz Stats

 Plays Quiz not verified by Sporcle

Score 0/28 Timer 04:00
0 Plays Today
% Correct
Sexual Attraction
92.2%
Going Back in Time
89.3%
Mindreading
88.9%
Immortality
88.1%
Turning into a Woman
86%
Rocket Science
86%
Invisibility
84.8%
Creating a Double
83.5%
Can Buy and Sell Powers
77.4%
Seeing the Future
71.2%
Creating Zombies
65.4%
Immunity to Other Powers
63.8%
Teleportation
62.6%
Removes Powers through Sex
62.1%
% Correct
Telekenesis
60.9%
Strength/Anger
60.9%
Sees World as Video Game
59.3%
X-ray Vision
57.2%
Lactokinesis
53.1%
Clairvoyance
50.2%
Teleportation
49%
Summoning Four Horsemen of the Apocalypse
46.5%
Turns People Virtuous
44.4%
Electricity
41.6%
Turning into a Tortoise
33.3%
Seeing the Future
29.2%
Camouflage
28.4%
Flight
28%

You're not logged in!

Compare scores with friends on all Sporcle quizzes.
Join for Free
OR
Log In

You Might Also Like...

Show Comments

Extras

Top Quizzes Today


Score Distribution

Your Account Isn't Verified!

In order to create a playlist on Sporcle, you need to verify the email address you used during registration. Go to your Sporcle Settings to finish the process.

Report this User

Report this user for behavior that violates our Community Guidelines.

Details: